<?xml version="1.0" encoding="UTF-8"?>
<record
    xmlns:xsi="http://www.w3.org/2001/XMLSchema-instance"
    xsi:schemaLocation="http://www.loc.gov/MARC21/slim http://www.loc.gov/standards/marcxml/schema/MARC21slim.xsd"
    xmlns="http://www.loc.gov/MARC21/slim">

  <leader>00971nam a2200229Ia 4500</leader>
  <datafield tag="999" ind1=" " ind2=" ">
    <subfield code="c">41118</subfield>
    <subfield code="d">41118</subfield>
  </datafield>
  <controlfield tag="001">7768</controlfield>
  <controlfield tag="003">GE_BSU</controlfield>
  <controlfield tag="005">20221116112000.0</controlfield>
  <controlfield tag="008">181216s2007en  xx |||||||||||||| ||eng||</controlfield>
  <datafield tag="020" ind1=" " ind2=" ">
    <subfield code="a">9780910627979 x</subfield>
  </datafield>
  <datafield tag="040" ind1=" " ind2=" ">
    <subfield code="c">GE_BSU</subfield>
  </datafield>
  <datafield tag="041" ind1=" " ind2=" ">
    <subfield code="a">eng</subfield>
  </datafield>
  <datafield tag="080" ind1=" " ind2=" ">
    <subfield code="a">005.5+647.95 B-89</subfield>
  </datafield>
  <datafield tag="100" ind1=" " ind2=" ">
    <subfield code="a">Brown,Douglas Robert</subfield>
    <subfield code="9">14775</subfield>
  </datafield>
  <datafield tag="245" ind1=" " ind2="4">
    <subfield code="a">The restaurant manager's handbook :</subfield>
    <subfield code="b">How to Set Up,  Operate, and Manage A Financially  Successfull food service operation /</subfield>
    <subfield code="c">Douglas Robert Brown.</subfield>
  </datafield>
  <datafield tag="264" ind1=" " ind2=" ">
    <subfield code="a">Atlantic Publ,</subfield>
    <subfield code="c">2007.</subfield>
  </datafield>
  <datafield tag="300" ind1=" " ind2=" ">
    <subfield code="a">908 p.:</subfield>
    <subfield code="b">Ill. </subfield>
    <subfield code="c"> 29 cm.</subfield>
  </datafield>
  <datafield tag="653" ind1=" " ind2=" ">
    <subfield code="a">How to Set Up,  Operate, and Manage A Financially  Successfull food service operation</subfield>
  </datafield>
  <datafield tag="653" ind1=" " ind2=" ">
    <subfield code="a">The restaurant manager's handbook</subfield>
  </datafield>
  <datafield tag="653" ind1=" " ind2=" ">
    <subfield code="a">&#x10E0;&#x10DD;&#x10D2;&#x10DD;&#x10E0; &#x10D3;&#x10D0;&#x10D5;&#x10D0;&#x10E7;&#x10D4;&#x10DC;&#x10DD;&#x10D7;, &#x10D5;&#x10D8;&#x10DB;&#x10DD;&#x10E5;&#x10DB;&#x10D4;&#x10D3;&#x10DD;&#x10D7; &#x10D3;&#x10D0; &#x10D5;&#x10DB;&#x10D0;&#x10E0;&#x10D7;&#x10DD;&#x10D7; &#x10E4;&#x10D8;&#x10DC;&#x10D0;&#x10DC;&#x10E1;&#x10E3;&#x10E0;&#x10D0;&#x10D3; &#x10EC;&#x10D0;&#x10E0;&#x10DB;&#x10D0;&#x10E2;&#x10D4;&#x10D1;&#x10E3;&#x10DA;&#x10D8; &#x10D9;&#x10D5;&#x10D4;&#x10D1;&#x10D8;&#x10E1; &#x10E1;&#x10D4;&#x10E0;&#x10D5;&#x10D8;&#x10E1;&#x10D8;</subfield>
  </datafield>
  <datafield tag="942" ind1=" " ind2=" ">
    <subfield code="c">BK</subfield>
    <subfield code="2">udc</subfield>
  </datafield>
  <datafield tag="952" ind1=" " ind2=" ">
    <subfield code="0">0</subfield>
    <subfield code="1">0</subfield>
    <subfield code="2">udc</subfield>
    <subfield code="4">0</subfield>
    <subfield code="6">005564795_B89</subfield>
    <subfield code="7">0</subfield>
    <subfield code="9">47289</subfield>
    <subfield code="a">CPL</subfield>
    <subfield code="b">CPL</subfield>
    <subfield code="c">GEN</subfield>
    <subfield code="d">2018-12-17</subfield>
    <subfield code="g">103.00</subfield>
    <subfield code="o">005.5+647.95 B-89</subfield>
    <subfield code="p">24155</subfield>
    <subfield code="r">2018-12-17</subfield>
    <subfield code="t">24155</subfield>
    <subfield code="w">2018-12-17</subfield>
    <subfield code="y">BK</subfield>
    <subfield code="z">103gel.</subfield>
  </datafield>
</record>
